Islands of the Azores Quiz Stats

Quiz not verified by Sporcle

Challenge
Share
Tweet
Embed
Score 0/9 Timer 04:00
0 Plays Today
Islands % Correct
São Miguel
94.1%
Pico
89.7%
Faial
88.2%
Terceira
88.2%
São Jorge
88.2%
Corvo
86.8%
Flores
80.9%
Santa Maria
80.9%
Graciosa
61.8%

You're not logged in!

Compare scores with friends on all Sporcle quizzes.
Sign Up with Email
OR
Log In

You Might Also Like...

Show Comments

Extras

Top Quizzes Today


Score Distribution

Your Account Isn't Verified!

In order to create a playlist on Sporcle, you need to verify the email address you used during registration. Go to your Sporcle Settings to finish the process.

Report this User

Report this user for behavior that violates our Community Guidelines.

Details: